Eastern Utah Libraries Catalog: Duchesne, Heber, Roosevelt, & Vernal

The empanadas that abuela made / (Record no. 272172)

MARC details
000 -LEADER
fixed length control field 02654nam a22006014a 4500
001 - CONTROL NUMBER
control field ocm50717316
003 - CONTROL NUMBER IDENTIFIER
control field OCoLC
005 - DATE AND TIME OF LATEST TRANSACTION
control field 20200320184028.0
008 - FIXED-LENGTH DATA ELEMENTS--GENERAL INFORMATION
fixed length control field 020919s2003 txua b 000 1 eng
010 ## - LIBRARY OF CONGRESS CONTROL NUMBER
LC control number 2002033323
020 ## - INTERNATIONAL STANDARD BOOK NUMBER
International Standard Book Number 155885388X (alk. paper)
020 ## - INTERNATIONAL STANDARD BOOK NUMBER
International Standard Book Number 9781558853881 (alk. paper)
020 ## - INTERNATIONAL STANDARD BOOK NUMBER
Terms of availability 15.95
029 1# - (OCLC)
OCLC library identifier AU@
System control number 000024129091
029 1# - (OCLC)
OCLC library identifier IG#
System control number 9781558853881
035 ## - SYSTEM CONTROL NUMBER
System control number (OCoLC)50717316
037 ## - SOURCE OF ACQUISITION
Stock number 1185760
Source of stock number/acquisition QBI
040 ## - CATALOGING SOURCE
Original cataloging agency DLC
Transcribing agency DLC
Modifying agency IG#
-- QBX
-- TEF
-- OCL
-- TEF
-- BUR
-- OCLCQ
-- BAKER
-- BTCTA
-- YDXCP
-- CQU
-- NXA
-- WACOL
041 0# - LANGUAGE CODE
Language code of text/sound track or separate title eng
-- spa
042 ## - AUTHENTICATION CODE
Authentication code pcc
-- lcac
049 ## - LOCAL HOLDINGS (OCLC)
Holding library WACL
050 00 - LIBRARY OF CONGRESS CALL NUMBER
Classification number PZ73.B443
Item number Emp 2003
082 14 - DEWEY DECIMAL CLASSIFICATION NUMBER
Classification number [E]
Edition number 22
092 ## - LOCALLY ASSIGNED DEWEY CALL NUMBER (OCLC)
Classification number SPE
Item number Ber
100 1# - MAIN ENTRY--PERSONAL NAME
Personal name Bertrand, Diane Gonzales.
9 (RLIN) 39405
245 14 - TITLE STATEMENT
Title The empanadas that abuela made /
Statement of responsibility, etc by Diane Gonzales Bertrand ; illustrations by Alex Pardo DeLange ; Spanish translation by Gabriela Baeza Ventura =
Remainder of title Las empanadas que hacía la abuela / por Diane Gonzales Bertrand ; ilustraciones de Alex Pardo DeLange ; traducción al español de Gabriela Baeza Ventura.
246 31 - VARYING FORM OF TITLE
Title proper/short title Empanadas que hacía la abuela
260 ## - PUBLICATION, DISTRIBUTION, ETC. (IMPRINT)
Place of publication, distribution, etc Houston, Tex. :
Name of publisher, distributor, etc Piñata Books,
Date of publication, distribution, etc c2003.
300 ## - PHYSICAL DESCRIPTION
Extent 1 v. (unpaged) :
Other physical details col. ill. ;
Dimensions 23 x 29 cm.
520 ## - SUMMARY, ETC.
Summary, etc Se cuenta al estilo de una canción folklórica cómo hace empanadas la abuela para su familia. Receta incluida.
520 ## - SUMMARY, ETC.
Summary, etc Told in the style of a cumulative folk song, a grandmother makes empanadas, a traditional Hispanic treat, for her family. Includes recipe.
546 ## - LANGUAGE NOTE
Language note Text in English and Spanish.
650 #0 - SUBJECT ADDED ENTRY--TOPICAL TERM
Topical term or geographic name as entry element Mexican Americans
Form subdivision Juvenile fiction.
9 (RLIN) 5717171
650 #0 - SUBJECT ADDED ENTRY--TOPICAL TERM
Topical term or geographic name as entry element Empanadas
Form subdivision Juvenile fiction.
9 (RLIN) 5855849
650 #0 - SUBJECT ADDED ENTRY--TOPICAL TERM
Topical term or geographic name as entry element Grandmothers
Form subdivision Juvenile fiction.
9 (RLIN) 5683771
650 #1 - SUBJECT ADDED ENTRY--TOPICAL TERM
Topical term or geographic name as entry element Mexican Americans
Form subdivision Fiction.
9 (RLIN) 5685155
650 #1 - SUBJECT ADDED ENTRY--TOPICAL TERM
Topical term or geographic name as entry element Empanadas
Form subdivision Fiction.
9 (RLIN) 5855850
650 #1 - SUBJECT ADDED ENTRY--TOPICAL TERM
Topical term or geographic name as entry element Grandmothers
Form subdivision Fiction.
9 (RLIN) 5686024
650 #1 - SUBJECT ADDED ENTRY--TOPICAL TERM
Topical term or geographic name as entry element Spanish language materials
General subdivision Bilingual.
9 (RLIN) 102597
650 #7 - SUBJECT ADDED ENTRY--TOPICAL TERM
Topical term or geographic name as entry element Mexicano-americanos
Form subdivision Novela juvenil.
Source of heading or term bidex
9 (RLIN) 5855851
650 #7 - SUBJECT ADDED ENTRY--TOPICAL TERM
Topical term or geographic name as entry element Abuelas
Form subdivision Novela juvenil.
Source of heading or term bidex
9 (RLIN) 5855852
700 1# - ADDED ENTRY--PERSONAL NAME
Personal name DeLange, Alex Pardo.
9 (RLIN) 5855853
700 1# - ADDED ENTRY--PERSONAL NAME
Personal name Ventura, Gabriela Baeza.
9 (RLIN) 5851622
938 ## -
-- Baker and Taylor
-- BTCP
-- 2002033323
938 ## -
-- Baker & Taylor
-- BKTY
-- 15.95
-- 11.96
-- 155885388X
-- 0004087738
-- active
938 ## -
-- YBP Library Services
-- YANK
-- 2005342
938 ## -
-- Quality Books, Inc.
-- QUAL
-- a 02033323
938 ## -
-- Ingram
-- INGR
-- 155885388X
942 ## - ADDED ENTRY ELEMENTS (KOHA)
Koha item type BOOK
948 ## - LOCAL PROCESSING INFORMATION (OCLC); SERIES PART DESIGNATOR (RLIN)
Series part designator, SPT (RLIN) 02/26/2010
z (OCLC) Sirsi
994 ## -
-- 02
-- WACOL
996 ## -
-- 76031
-- 34301000918138
-- SPE
-- bk
-- wcl
-- i
-- 15
-- 15.95
-- Amazon.com
-- Ber
-- 02/26/2010
-- 09/21/2019
-- 07/31/2019
Holdings
Withdrawn status Lost status Source of classification or shelving scheme Damaged status Not for loan Collection code Home library Current library Shelving location Date acquired Source of acquisition Cost, normal purchase price Total Checkouts Total Renewals Full call number Barcode Date last seen Date checked out Cost, replacement price Price effective from Koha item type
    Dewey Decimal Classification     Spanish Children Picture Book Wasatch County Library Wasatch County Library First Floor 02/26/2010 Amazon 15.95 17 2 E Ber 34301000918138 10/16/2025 10/02/2025 15.95 03/20/2020 BOOK
This project was made possible through a grant from the Institute of Museum and Library Service administered by the Utah State Library Division.

Wasatch County Library

  • 465 East 1200 South, Heber City, Utah 84032
  • Phone 435-654-1511 | Fax 435-654-6456

Hours

  • Monday - Friday 9:30 AM - 8:00 PM
  • Saturday 9:30 AM - 1:30 PM
  • Closed Sundays and Holidays